UBT Library

The Dobe Ju/'hoansi / (Record no. 43594)

000 -LEADER
fixed length control field 00743cam a2200241 a 4500
001 - CONTROL NUMBER
control field 12577936
005 - DATE AND TIME OF LATEST TRANSACTION
control field 20180227070219.0
008 - FIXED-LENGTH DATA ELEMENTS--GENERAL INFORMATION
fixed length control field 011101s2003 caua b 001 0 eng
010 ## - LIBRARY OF CONGRESS CONTROL NUMBER
LC control number 2001055911
020 ## - INTERNATIONAL STANDARD BOOK NUMBER
International Standard Book Number 0155063332 (pbk.)
040 ## - CATALOGING SOURCE
Original cataloging agency DLC
Transcribing agency DLC
Modifying agency DLC
041 ## - LANGUAGE CODE
Language code of text/sound track or separate title eng
043 ## - GEOGRAPHIC AREA CODE
Geographic area code f-bs---
-- fs-----
080 ## - UNIVERSAL DECIMAL CLASSIFICATION NUMBER
Universal Decimal Classification number 306.089.961 lee
082 00 - DEWEY DECIMAL CLASSIFICATION NUMBER
Classification number 306.089.961 lee
Edition number 21
100 1# - Rafti
Rafti 23
101 ## - Shkurtesa
Shkurtesa ant
245 14 - TITLE STATEMENT
Title The Dobe Ju/'hoansi /
Statement of responsibility, etc Richard B. Lee.
504 ## - BIBLIOGRAPHY, ETC. NOTE
Bibliography, etc Includes bibliographical references (p. 235-242) and index.
906 ## - LOCAL DATA ELEMENT F, LDF (RLIN)
a 7
b cbc
c orignew
d 1
e ocip
f 20
g y-gencatlg
942 ## - ADDED ENTRY ELEMENTS (KOHA)
Source of classification or shelving scheme
Item type Books
Holdings
Withdrawn status Lost status Source of classification or shelving scheme Damaged status Not for loan Collection code Permanent location Current location Shelving location Date acquired Total Checkouts Full call number Barcode Date last seen Price effective from Koha item type
          Koleksioni i përgjithshem UBT - Lipjan UBT - Lipjan Koleksioni i përgjithshem 02/27/2018   306.089.961 lee 002-3000081 02/27/2018 02/27/2018 Books
          Koleksioni i përgjithshem UBT - Lipjan UBT - Lipjan Koleksioni i përgjithshem 02/27/2018   306.089.961 lee 002-3000076 02/27/2018 02/27/2018 Books
          Koleksioni i përgjithshem UBT - Lipjan UBT - Lipjan Koleksioni i përgjithshem 02/27/2018   306.089.961 lee 002-3000067 02/27/2018 02/27/2018 Books
          Koleksioni i përgjithshem UBT - Lipjan UBT - Lipjan Koleksioni i përgjithshem 02/27/2018   306.089.961 lee 002-3000062 02/27/2018 02/27/2018 Books
UBT Library © 2015-2024. All rights reserved University Education for Business and Technology